Football players with biggest increase in value 2024 - Statistics

General Stats
  • This quiz has been taken 38 times
  • The average score is 14 of 20
Answer Stats
Rank Answer % Correct
1 Lamine Yamal
97%
4 Vinicius Junior
94%
17 Jamal Musiala
92%
15 Bukayo Saka
86%
2 Cole Palmer
86%
18 Federico Valverde
86%
19 Raphinha
86%
20 Viktor Gyokeres
83%
8 Florian Wirtz
78%
7 Omar Marmoush
78%
16 Phil Foden
78%
3 Pau Cubarsi
75%
14 Riccardo Calafiori
72%
13 Kenan Yildiz
69%
5 Kobbie Mainoo
64%
6 Aleksandar Pavlovic
39%
10 Morgan Rogers
39%
12 Fermin Lopez
36%
9 Estevao
22%
11 Bradley Barcola
8%
No matching quizzes found
Score Distribution
Percent of People with Each Score
Percentile by Number Answered
Your Score History
You have not taken this quiz